[Event "2023 US National Elementary K-6 Championship"]
[Site "Baltimore, Maryland, United States"]
[Date "2023.05.14"]
[Round "7.13"]
[White "Chu, Alex"]
[Black "Leong, Anson"]
[Result "0-1"]
[TimeControl "G/90; d10"]
[WhiteElo "1905"]
[BlackElo "1867"]

1. e4 {[%clk 01:30:00]} {[%emt 00:00:01]} e6 {[%clk 01:30:00]} {[%emt
00:00:05]} 2. d4 {[%clk 01:30:00]} {[%emt 00:00:04]} d5 {[%clk 01:30:00]}
{[%emt 00:00:03]} 3. Nd2 {[%clk 01:30:00]} {[%emt 00:00:04]} Nf6 {[%clk
01:29:57]} {[%emt 00:00:13]} 4. e5 {[%clk 01:30:00]} {[%emt 00:00:05]} Nfd7
{[%clk 01:27:22]} {[%emt 00:02:45]} 5. Bd3 {[%clk 01:30:00]} {[%emt 00:00:06]}
c5 {[%clk 01:27:22]} {[%emt 00:00:06]} 6. c3 {[%clk 01:30:00]} {[%emt
00:00:05]} Nc6 {[%clk 01:27:17]} {[%emt 00:00:13]} 7. Ne2 {[%clk 01:30:00]}
{[%emt 00:00:07]} Qc7 {[%clk 01:21:46]} {[%emt 00:05:41]} 8. Nf3 {[%clk
01:29:59]} {[%emt 00:00:11]} a6 {[%clk 01:20:09]} {[%emt 00:01:48]} 9. O-O
{[%clk 01:29:00]} {[%emt 00:01:09]} b5 {[%clk 01:19:02]} {[%emt 00:01:17]} 10.
Ne1 {[%clk 01:27:24]} {[%emt 00:01:45]} Bb7 {[%emt 00:02:02]} 11. f4 {[%clk
01:26:03]} {[%emt 00:00:54]} g6 {[%clk 01:17:05]} {[%emt 00:00:53]} 12. a4
{[%clk 01:24:46]} {[%emt 00:01:27]} b4 {[%clk 01:13:39]} {[%emt 00:03:36]} 13.
Bc2 {[%clk 01:18:54]} {[%emt 00:06:01]} c4 {[%clk 01:10:59]} {[%emt 00:02:50]}
14. cxb4 {[%clk 01:18:50]} {[%emt 00:00:14]} Nxb4 {[%clk 01:09:51]} {[%emt
00:01:18]} 15. Bb1 {[%clk 01:18:42]} {[%emt 00:00:18]} a5 {[%clk 01:08:50]}
{[%emt 00:01:12]} 16. Nc3 {[%clk 01:16:34]} {[%emt 00:02:17]} Ba6 {[%clk
01:06:57]} {[%emt 00:02:03]} 17. Qf3 {[%clk 01:12:02]} {[%emt 00:04:42]} Qb6
{[%clk 00:58:16]} {[%emt 00:08:50]} 18. Kh1 {[%clk 01:09:42]} {[%emt 00:02:31]}
O-O-O {[%clk 00:55:59]} {[%emt 00:02:28]} 19. Be3 {[%clk 01:05:43]} {[%emt
00:04:08]} Be7 {[%clk 00:52:23]} {[%emt 00:03:46]} 20. Nb5 {[%clk 00:56:08]}
{[%emt 00:09:45]} Bxb5 {[%clk 00:51:23]} {[%emt 00:01:10]} 21. axb5 {[%clk
00:56:08]} {[%emt 00:00:07]} Qxb5 {[%clk 00:50:23]} {[%emt 00:01:09]} 22. Qe2
{[%clk 00:54:32]} {[%emt 00:01:46]} Nb6 {[%clk 00:47:48]} {[%emt 00:02:45]} 23.
Nc2 {[%clk 00:53:15]} {[%emt 00:01:27]} Nxc2 {[%clk 00:38:01]} {[%emt
00:09:57]} 24. Bxc2 {[%clk 00:52:40]} {[%emt 00:00:46]} a4 {[%clk 00:35:15]}
{[%emt 00:02:56]} 25. Rfb1 {[%clk 00:51:29]} {[%emt 00:01:20]} Qc6 {[%clk
00:32:17]} {[%emt 00:03:08]} 26. Rc1 {[%clk 00:50:21]} {[%emt 00:01:18]} Kd7
{[%clk 00:31:58]} {[%emt 00:00:30]} 27. b3 {[%clk 00:47:58]} {[%emt 00:02:32]}
Ra8 {[%clk 00:26:47]} {[%emt 00:05:22]} 28. bxc4 {[%emt 00:01:07]} dxc4 {[%clk
00:24:53]} {[%emt 00:02:03]} 29. Bf2 {[%clk 00:45:13]} {[%emt 00:01:58]} Rhc8
{[%clk 00:22:55]} {[%emt 00:02:09]} 30. Qd1 {[%clk 00:43:51]} {[%emt 00:01:32]}
a3 {[%clk 00:21:20]} {[%emt 00:01:45]} 31. Bd3 {[%clk 00:41:49]} {[%emt
00:02:11]} Qd5 {[%clk 00:19:52]} {[%emt 00:01:39]} 32. Be2 {[%clk 00:41:49]}
{[%emt 00:00:09]} Qc6 {[%clk 00:18:17]} {[%emt 00:01:46]} 33. Bd3 {[%clk
00:41:44]} {[%emt 00:00:14]} Ke8 {[%clk 00:17:33]} {[%emt 00:00:54]} 34. Qc2
{[%clk 00:38:37]} {[%emt 00:03:17]} a2 {[%clk 00:16:24]} {[%emt 00:01:19]} 35.
Be4 {[%clk 00:37:38]} {[%emt 00:01:09]} Nd5 {[%clk 00:16:23]} {[%emt 00:00:12]}
36. Rxa2 {[%clk 00:37:34]} {[%emt 00:00:13]} Rxa2 {[%clk 00:14:12]} {[%emt
00:02:21]} 37. Qxa2 {[%clk 00:37:15]} {[%emt 00:00:29]} Qb5 {[%clk 00:12:36]}
{[%emt 00:01:45]} 38. Bd3 {[%clk 00:34:34]} {[%emt 00:02:52]} Nxf4 {[%clk
00:09:29]} {[%emt 00:03:18]} 39. Bxc4 {[%clk 00:34:34]} {[%emt 00:00:05]} Qb7
{[%clk 00:09:02]} {[%emt 00:00:33]} 40. Be3 {[%clk 00:32:48]} {[%emt 00:01:58]}
Ra8 {[%clk 00:07:34]} {[%emt 00:01:39]} 41. Qf2 {[%clk 00:32:01]} {[%emt
00:00:55]} Nd5 {[%clk 00:07:32]} {[%emt 00:00:14]} 42. Bxd5 {[%clk 00:30:58]}
{[%emt 00:01:14]} exd5 {[%clk 00:06:50]} {[%emt 00:00:52]} 43. Rf1 {[%clk
00:30:47]} {[%emt 00:00:18]} Bd8 {[%clk 00:06:40]} {[%emt 00:00:22]} 44. Qf4
{[%emt 00:01:23]} Qe7 {[%clk 00:05:54]} {[%emt 00:00:56]} 45. Qh6 {[%clk
00:28:57]} {[%emt 00:01:03]} Ra3 {[%clk 00:04:51]} {[%emt 00:01:15]} 46. Qf4
{[%clk 00:28:51]} {[%emt 00:00:15]} Ra8 {[%clk 00:04:47]} {[%emt 00:00:15]} 47.
h3 {[%clk 00:28:51]} {[%emt 00:00:05]} Ra3 {[%clk 00:04:47]} {[%emt 00:00:05]}
48. Kh2 {[%clk 00:28:51]} {[%emt 00:00:07]} Qe6 {[%clk 00:04:35]} {[%emt
00:00:25]} 49. Bc1 {[%clk 00:28:13]} {[%emt 00:00:47]} Ra4 {[%clk 00:04:31]}
{[%emt 00:00:15]} 50. Bb2 {[%clk 00:27:33]} {[%emt 00:00:50]} Ra2 {[%clk
00:04:12]} {[%emt 00:00:29]} 51. Bc3 {[%clk 00:27:14]} {[%emt 00:00:27]} Ra3
{[%clk 00:04:12]} {[%emt 00:00:07]} 52. Bb4 {[%clk 00:27:14]} {[%emt 00:00:06]}
Ra4 {[%clk 00:04:12]} {[%emt 00:00:04]} 53. Bc3 {[%clk 00:26:50]} {[%emt
00:00:33]} Rc4 {[%clk 00:04:12]} {[%emt 00:00:03]} 54. Ba1 {[%clk 00:26:50]}
{[%emt 00:00:05]} Bb6 {[%clk 00:04:12]} {[%emt 00:00:06]} 55. Qe3 {[%clk
00:26:18]} {[%emt 00:00:41]} f5 {[%clk 00:03:40]} {[%emt 00:00:44]} 56. Qf4
{[%clk 00:25:49]} {[%emt 00:00:39]} Bc7 {[%clk 00:03:33]} {[%emt 00:00:18]} 57.
Qh6 {[%clk 00:25:44]} {[%emt 00:00:13]} Qe7 {[%clk 00:03:32]} {[%emt 00:00:12]}
58. Rb1 {[%clk 00:25:01]} {[%emt 00:00:51]} Ra4 {[%clk 00:03:32]} {[%emt
00:00:13]} 59. Kh1 {[%clk 00:23:32]} {[%emt 00:01:39]} Ra3 {[%clk 00:03:13]}
{[%emt 00:00:30]} 60. Kh2 {[%clk 00:22:56]} {[%emt 00:00:44]} Kd8 {[%clk
00:02:59]} {[%emt 00:00:24]} 61. h4 {[%clk 00:22:01]} {[%emt 00:01:06]} Bxe5+
{[%clk 00:02:23]} {[%emt 00:00:46]} 62. dxe5 {[%clk 00:21:21]} {[%emt
00:00:49]} Rxa1 {[%clk 00:02:23]} {[%emt 00:00:02]} 63. Rxa1 {[%clk 00:21:21]}
{[%emt 00:00:09]} Qxe5+ {[%clk 00:02:23]} {[%emt 00:00:03]} 64. g3 {[%clk
00:21:13]} {[%emt 00:00:17]} Qxa1 {[%clk 00:02:23]} {[%emt 00:00:03]} 65. Qxh7
{[%emt 00:00:12]} Qf6 {[%clk 00:02:23]} 66. Qg8+ {[%clk 00:21:13]} {[%emt
00:00:03]} Ke7 {[%clk 00:02:23]} {[%emt 00:00:06]} 67. Qxd5 {[%emt 00:00:05]}
Qb2+ {[%clk 00:02:23]} {[%emt 00:00:08]} 68. Kh3 {[%clk 00:21:13]} {[%emt
00:00:05]} Qc3 {[%clk 00:02:23]} {[%emt 00:00:05]} 69. Qg8 {[%clk 00:21:12]}
{[%emt 00:00:10]} Qf6 {[%clk 00:02:02]} {[%emt 00:00:32]} 70. Qh7+ {[%clk
00:21:05]} {[%emt 00:00:16]} Ke6 {[%clk 00:02:02]} {[%emt 00:00:02]} 71. Qg8+
{[%clk 00:20:57]} {[%emt 00:00:18]} Ke7 {[%clk 00:02:02]} {[%emt 00:00:02]} 72.
Qb8 {[%clk 00:20:57]} {[%emt 00:00:03]} Qe6 {[%clk 00:02:02]} {[%emt 00:00:07]}
73. Qf4 {[%clk 00:20:53]} {[%emt 00:00:11]} Kf7 {[%clk 00:02:02]} {[%emt
00:00:03]} 74. Qc7+ {[%clk 00:20:53]} {[%emt 00:00:07]} Kg8 {[%clk 00:02:02]}
{[%emt 00:00:06]} 75. Qd8+ {[%clk 00:20:46]} {[%emt 00:00:17]} Kg7 {[%clk
00:02:02]} {[%emt 00:00:05]} 76. Qd4+ {[%clk 00:20:46]} {[%emt 00:00:03]} Kh7
{[%clk 00:02:02]} {[%emt 00:00:02]} 77. Qd3 {[%clk 00:20:15]} {[%emt 00:00:40]}
Kg7 {[%clk 00:02:02]} {[%emt 00:00:11]} 78. Kg2 {[%clk 00:20:06]} {[%emt
00:00:12]} Qa2+ {[%clk 00:02:02]} {[%emt 00:00:10]} 79. Kf3 {[%clk 00:20:06]}
{[%emt 00:00:04]} Qa8+ {[%clk 00:02:02]} {[%emt 00:00:12]} 80. Kf4 {[%clk
00:20:02]} {[%emt 00:00:05]} Qg2 {[%clk 00:01:50]} {[%emt 00:00:30]} 81. Kg5
{[%clk 00:20:02]} {[%emt 00:00:05]} Qc6 {[%clk 00:01:50]} {[%emt 00:00:11]} 82.
Qd4+ {[%clk 00:20:02]} {[%emt 00:00:08]} Kh7 {[%clk 00:01:34]} {[%emt
00:00:27]} 83. Qe3 {[%clk 00:19:37]} {[%emt 00:00:30]} Qc7 {[%clk 00:01:34]}
{[%emt 00:00:10]} 84. Qd3 {[%clk 00:18:00]} {[%emt 00:01:46]} Kg7 {[%clk
00:01:17]} {[%emt 00:00:28]} 85. Qd4+ {[%clk 00:17:47]} {[%emt 00:00:23]} Kh7
{[%clk 00:01:17]} {[%emt 00:00:02]} 86. Qe3 {[%clk 00:16:53]} {[%emt 00:01:03]}
Kg7 {[%clk 00:01:02]} {[%emt 00:00:26]} 87. Qf3 {[%clk 00:16:11]} {[%emt
00:00:45]} Qd8+ {[%clk 00:00:57]} {[%emt 00:00:21]} 88. Kf4 {[%clk 00:16:11]}
{[%emt 00:00:02]} Qd4+ {[%clk 00:00:57]} {[%emt 00:00:04]} 89. Kg5 {[%clk
00:16:11]} {[%emt 00:00:02]} Qd2+ {[%clk 00:00:57]} {[%emt 00:00:03]} 90. Qf4
{[%clk 00:15:34]} {[%emt 00:00:47]} Qd8# {[%clk 00:00:57]} {[%emt 00:00:02]}
0-1

[Event "2023 US National Elementary K-6 Championship"]
[Site "Baltimore, Maryland, United States"]
[Date "2023.05.14"]
[Round "7.7"]
[White "Chen, Lucas"]
[Black "Luo, Wesley"]
[Result "1-0"]
[TimeControl "G/90; d10"]
[WhiteElo "1511"]
[BlackElo "2081"]

1. d4 {[%clk 01:30:00]} {[%emt 00:00:02]} Nf6 {[%clk 01:30:00]} {[%emt
00:00:05]} 2. c4 {[%clk 01:30:00]} {[%emt 00:00:04]} g6 {[%clk 01:30:00]}
{[%emt 00:00:04]} 3. Nc3 {[%clk 01:30:00]} {[%emt 00:00:04]} Bg7 {[%clk
01:30:00]} {[%emt 00:00:03]} 4. e4 {[%clk 01:30:00]} {[%emt 00:00:05]} d6
{[%clk 01:30:00]} {[%emt 00:00:03]} 5. Nf3 {[%clk 01:30:00]} O-O {[%clk
01:30:00]} {[%emt 00:00:07]} 6. Be2 {[%clk 01:30:00]} e5 {[%clk 01:30:00]}
{[%emt 00:00:09]} 7. d5 {[%clk 01:30:00]} a5 {[%clk 01:29:03]} {[%emt
00:01:12]} 8. O-O {[%clk 01:29:53]} {[%emt 00:00:17]} Na6 {[%clk 01:28:22]}
{[%emt 00:00:52]} 9. Bg5 {[%clk 01:29:19]} {[%emt 00:00:43]} h6 {[%clk
01:25:41]} {[%emt 00:02:51]} 10. Bh4 {[%clk 01:28:25]} {[%emt 00:01:04]} g5
{[%clk 01:24:20]} {[%emt 00:01:31]} 11. Bg3 {[%clk 01:28:18]} {[%emt 00:00:16]}
Nh5 {[%clk 01:23:27]} {[%emt 00:01:04]} 12. Nd2 {[%clk 01:26:49]} {[%emt
00:01:38]} Nf4 {[%clk 01:21:37]} {[%emt 00:02:01]} 13. f3 {[%clk 01:26:00]}
{[%emt 00:01:00]} Bd7 {[%clk 01:14:42]} {[%emt 00:07:05]} 14. Rb1 {[%clk
01:23:37]} {[%emt 00:02:32]} Nc5 {[%clk 01:11:35]} {[%emt 00:03:17]} 15. b3
{[%clk 01:22:14]} {[%emt 00:01:33]} c6 {[%clk 01:07:46]} {[%emt 00:03:59]} 16.
Bf2 {[%clk 01:18:44]} {[%emt 00:03:39]} Ncd3 {[%clk 01:05:43]} {[%emt
00:02:14]} 17. Bxd3 {[%clk 01:09:50]} {[%emt 00:09:04]} Nxd3 {[%clk 01:05:43]}
{[%emt 00:00:05]} 18. Qe2 {[%clk 01:09:32]} {[%emt 00:00:22]} Nf4 {[%clk
01:05:29]} {[%emt 00:00:30]} 19. Qe3 {[%emt 00:06:31]} h5 {[%clk 01:01:10]}
{[%emt 00:00:54]} 20. dxc6 {[%clk 01:02:06]} {[%emt 00:04:50]} bxc6 {[%clk
01:00:32]} {[%emt 00:00:48]} 21. Na4 {[%clk 01:00:57]} {[%emt 00:01:18]} Bh6
{[%clk 00:55:01]} {[%emt 00:05:42]} 22. Qe1 {[%clk 00:55:32]} {[%emt 00:05:31]}
Kh7 {[%clk 00:49:51]} {[%emt 00:05:23]} 23. Rd1 {[%clk 00:49:27]} {[%emt
00:06:16]} Rg8 {[%clk 00:46:09]} {[%emt 00:03:52]} 24. Be3 {[%clk 00:45:34]}
{[%emt 00:04:02]} h4 {[%clk 00:40:41]} {[%emt 00:05:38]} 25. Nb1 {[%clk
00:40:24]} {[%emt 00:05:20]} Qe7 {[%clk 00:35:40]} {[%emt 00:05:11]} 26. Nb6
{[%clk 00:39:16]} {[%emt 00:01:19]} g4 {[%clk 00:31:37]} {[%emt 00:04:13]} 27.
Bxf4 {[%clk 00:38:13]} {[%emt 00:01:12]} Bxf4 {[%clk 00:29:35]} {[%emt
00:02:13]} 28. Nxa8 {[%emt 00:01:48]} gxf3 {[%clk 00:28:08]} {[%emt 00:01:31]}
29. Rxf3 {[%clk 00:35:30]} {[%emt 00:01:21]} Bg4 {[%clk 00:27:06]} {[%emt
00:01:12]} 30. Rxf4 {[%clk 00:34:16]} {[%emt 00:01:24]} exf4 {[%clk 00:26:26]}
{[%emt 00:00:50]} 31. Rd2 {[%clk 00:33:09]} {[%emt 00:01:16]} Rxa8 {[%clk
00:24:33]} {[%emt 00:02:03]} 32. Qf2 {[%clk 00:31:23]} {[%emt 00:01:55]} Qg5
{[%clk 00:19:30]} {[%emt 00:05:14]} 33. Rxd6 {[%clk 00:27:08]} {[%emt
00:04:25]} f3 {[%clk 00:19:13]} {[%emt 00:00:28]} 34. Rd2 {[%clk 00:26:44]}
{[%emt 00:00:26]} Re8 {[%clk 00:16:21]} {[%emt 00:03:10]} 35. Rd4 {[%clk
00:23:16]} {[%emt 00:03:31]} Re6 {[%clk 00:08:37]} {[%emt 00:08:00]} 36. Nd2
{[%clk 00:21:02]} {[%emt 00:02:22]} Rg6 {[%clk 00:07:28]} {[%emt 00:01:22]} 37.
Nxf3 {[%clk 00:18:55]} {[%emt 00:02:17]} Qc5 {[%clk 00:05:03]} {[%emt
00:02:35]} 38. Nxh4 {[%clk 00:17:30]} {[%emt 00:01:34]} Rg7 {[%clk 00:04:54]}
{[%emt 00:00:20]} 39. Nf5 {[%clk 00:17:14]} {[%emt 00:00:23]} Rg6 {[%clk
00:04:39]} {[%emt 00:00:28]} 40. Qh4+ {[%clk 00:17:14]} {[%emt 00:00:06]} Kg8
{[%clk 00:04:24]} {[%emt 00:00:27]} 41. Qf2 {[%clk 00:16:37]} {[%emt 00:00:42]}
Kh7 {[%emt 00:00:16]} 42. Kh1 {[%clk 00:14:58]} {[%emt 00:01:41]} Bxf5 {[%clk
00:02:16]} {[%emt 00:02:25]} 43. exf5 {[%clk 00:14:50]} {[%emt 00:00:17]} Rh6
{[%clk 00:02:16]} {[%emt 00:00:01]} 44. g4 {[%clk 00:14:33]} {[%emt 00:00:26]}
Qe5 {[%clk 00:02:16]} {[%emt 00:00:10]} 45. g5 {[%clk 00:13:54]} {[%emt
00:00:46]} c5 {[%clk 00:01:37]} {[%emt 00:00:52]} 46. Rg4 {[%clk 00:13:13]}
{[%emt 00:00:47]} Rh5 {[%clk 00:01:17]} {[%emt 00:00:34]} 47. g6+ {[%clk
00:13:08]} {[%emt 00:00:14]} Kg7 {[%clk 00:01:17]} {[%emt 00:00:05]} 48. f6+
{[%clk 00:12:40]} {[%emt 00:00:37]} Kf8 {[%clk 00:01:04]} {[%emt 00:00:23]} 49.
g7+ {[%clk 00:11:47]} {[%emt 00:01:03]} Kg8 {[%clk 00:01:04]} 50. Qd2 {[%clk
00:11:10]} {[%emt 00:00:45]} Qxf6 {[%clk 00:00:51]} {[%emt 00:00:26]} 51. Rg1
{[%clk 00:08:59]} {[%emt 00:02:17]} Qh4 {[%clk 00:00:33]} {[%emt 00:00:31]} 52.
Qg2 {[%clk 00:08:46]} {[%emt 00:00:21]} Qd8 {[%clk 00:00:33]} {[%emt 00:00:09]}
53. Qe2 {[%clk 00:08:19]} {[%emt 00:00:33]} Qa8+ {[%clk 00:00:24]} {[%emt
00:00:23]} 54. Rg2 {[%clk 00:08:14]} {[%emt 00:00:11]} Rg5 {[%clk 00:00:24]}
{[%emt 00:00:10]} 55. Kg1 {[%clk 00:08:14]} {[%emt 00:00:06]} Rxg2+ {[%clk
00:00:24]} {[%emt 00:00:06]} 56. Qxg2 {[%clk 00:08:14]} {[%emt 00:00:02]} Qxg2+
{[%clk 00:00:24]} {[%emt 00:00:03]} 57. Kxg2 {[%clk 00:08:14]} {[%emt
00:00:02]} Kxg7 {[%clk 00:00:24]} 58. Kg3 {[%clk 00:08:14]} {[%emt 00:00:01]}
Kg6 {[%clk 00:00:24]} {[%emt 00:00:06]} 59. Kf4 {[%clk 00:08:14]} {[%emt
00:00:02]} Kh5 {[%clk 00:00:24]} {[%emt 00:00:05]} 60. Kf5 {[%emt 00:00:07]}
Kh4 61. Kf6 {[%clk 00:08:14]} {[%emt 00:00:01]} Kh3 {[%clk 00:00:24]} 62. Kxf7
{[%clk 00:08:14]} {[%emt 00:00:02]} Kxh2 {[%clk 00:00:24]} {[%emt 00:00:01]} 63.
Ke6 {[%clk 00:08:14]} Kg2 {[%clk 00:00:24]} 64. Kd5 {[%clk 00:08:14]} {[%emt
00:00:02]} Kf2 {[%clk 00:00:24]} 65. Kxc5 {[%clk 00:08:14]} {[%emt 00:00:01]}
Ke2 {[%clk 00:00:24]} 66. Kb5 {[%clk 00:08:14]} {[%emt 00:00:02]} Kd2 {[%clk
00:00:24]} {[%emt 00:00:01]} 67. Kxa5 {[%clk 00:08:14]} {[%emt 00:00:01]} Kc2
{[%clk 00:00:24]} 68. c5 {[%clk 00:08:14]} {[%emt 00:00:03]} Kb2 {[%clk
00:00:24]} 69. c6 {[%clk 00:08:14]} Ka3 {[%clk 00:00:24]} {[%emt 00:00:02]} 70.
c7 {[%clk 00:08:14]} {[%emt 00:00:01]} Kb2 {[%clk 00:00:24]} 71. c8=Q {[%clk
00:08:14]} {[%emt 00:00:03]} Ka3 {[%clk 00:00:24]} 72. Qc1+ {[%clk 00:08:14]}
{[%emt 00:00:06]} Kxa2 {[%clk 00:00:24]} {[%emt 00:00:03]} 73. Kb5 {[%clk
00:08:14]} {[%emt 00:00:06]} Kxb3 {[%clk 00:00:24]} {[%emt 00:00:03]} 74. Kc5
{[%clk 00:08:14]} {[%emt 00:00:02]} Ka4 {[%clk 00:00:24]} {[%emt 00:00:01]} 75.
Qb1 {[%clk 00:08:14]} {[%emt 00:00:01]} Ka3 {[%clk 00:00:24]} {[%emt 00:00:02]}
76. Kc4 {[%clk 00:08:14]} {[%emt 00:00:01]} Ka4 {[%clk 00:00:24]} 77. Qa1# 1-0